| 000 | 00652nam a22002177a 4500 | ||
|---|---|---|---|
| 003 | UA-OsUOA | ||
| 001 | 82902 | ||
| 007 | ta | ||
| 008 | 20120322b un ||||| |||| 00| 0 ukr d | ||
| 090 |
_a82.09(477) _bВ27 |
||
| 942 | _cBK | ||
| 040 |
_aUA-OsUOA _bukr _cUA-OsUOA _dUA-OsUOA |
||
| 245 |
_aВеликому Каменяреві _cред. Цюпа Ю.І. |
||
| 300 | _a45 с. | ||
| 955 | _a4 | ||
| 041 | _aukr | ||
| 080 | _a82.09(477) | ||
| 260 |
_aК. _bТов. культ. зв'язків з українцями за кордоном _c1967 |
||
| 650 | 7 |
_a82 Література. Літературознавство _2UDC |
|
| 999 |
_c369202 _d369202 |
||